000 00947nam a2200265 i 4500
001 bg
100 1 _aGURGUL, Eugeniusz.
245 1 0 _aTechnologia i organizacja przemysłu spożywczego.
_nCz. 1 /
_cEugeniusz Gurgul, Agata Kielesińska.
260 _aCzęstochowa :
_bWydaw. Wydziału Zarządzania Politechniki Częstochowskiej,
_c2001.
300 _a196, [1] s. :
_bil., mapa ;
_c25 cm.
504 _aBibliogr.
610 2 9 _aUnia Europejska
_xa Polska
_xrolnictwo
650 9 _aPrzemysł rolno-spożywczy
_xorganizacja
_zPolska
_yod 1989 r.
650 9 _aŻywność
_xtechnologia
_zPolska
_yod 1989 r.
651 9 _aPolska
_xa Unia Europejska
_xrolnictwo
655 _aPodręczniki akademickie
700 1 _aKIELESIŃSKA, Agata
020 _a8388469754 (cz. 1.)
040 _cBPK
041 0 _apl
080 _a338.45::664(438:4-67)(075.8)
920 _a83-88469-75-4 (cz. 1.)
942 _cKS
008 s pl f |000 0 pol
999 _c42178
_d42178
856 _uhttp://koha.tu.koszalin.pl/cgi-bin/koha/opac-detail.pl?biblionumber=42178
_yKatalog online BPK